Southville International School and Colleges
Your cart is empty.
  • Cart
  • Lists
    Public lists Eva Luna New books Lux_list list_1
    Your lists Log in to create your own lists
  • Log in to your account
  • Your cookies
  • Search history
Southville International School and Colleges
  • Advanced search
  • Recent comments
  • Most popular
  • Libraries

Log in to your account

Log in with GOOGLE


If you do not have an external account, but do have a local account, you can still log in:

  1. Home
  2. MARC view: The pharmacy informatics primer /
Normal view MARC view ISBD view

The pharmacy informatics primer / (Record no. 13441)

[ view plain ]
MARC details
000 -LEADER
fixed length control field 00671nam a22002177a 4500
003 - CONTROL NUMBER IDENTIFIER
control field OSt
005 - DATE AND TIME OF LATEST TRANSACTION
control field 20140310182436.0
008 - FIXED-LENGTH DATA ELEMENTS--GENERAL INFORMATION
fixed length control field 130220t xxu||||| |||| 00| 0 eng d
020 ## - INTERNATIONAL STANDARD BOOK NUMBER
International Standard Book Number 9789746522472
050 ## - LIBRARY OF CONGRESS CALL NUMBER
Classification number RS 122.2
Item number .P44 2009
082 ## - DEWEY DECIMAL CLASSIFICATION NUMBER
Classification number RS122.2
Item number .P494 2009
245 ## - TITLE STATEMENT
Title The pharmacy informatics primer /
Statement of responsibility, etc edited by, Doina Dumitru
260 ## - PUBLICATION, DISTRIBUTION, ETC. (IMPRINT)
Place of publication, distribution, etc Bethesda, Md. :
Name of publisher, distributor, etc American Society of Health-System Pharmacists,
Date of publication, distribution, etc c2009.
300 ## - PHYSICAL DESCRIPTION
Extent xi, 251 p. :
Dimensions 26 cm.
Other physical details ill. ;
541 ## - IMMEDIATE SOURCE OF ACQUISITION NOTE
-- 1
562 ## - COPY AND VERSION IDENTIFICATION NOTE
Number of copies 1
650 ## - SUBJECT ADDED ENTRY--TOPICAL TERM
Topical term or geographic name as entry element Medical Informatics
650 ## - SUBJECT ADDED ENTRY--TOPICAL TERM
Topical term or geographic name as entry element Pharmacy
9 (RLIN) 7408
650 ## - SUBJECT ADDED ENTRY--TOPICAL TERM
Topical term or geographic name as entry element Information Organization
General subdivision Computer Programs
9 (RLIN) 8505
942 ## - ADDED ENTRY ELEMENTS (KOHA)
Source of classification or shelving scheme Library of Congress Classification
Koha item type

No items available.

The pharmacy informatics primer /

APA

(2009). The pharmacy informatics primer. Bethesda, Md: American Society of Health-System Pharmacists.

Chicago

2009. The pharmacy informatics primer. Bethesda, Md: American Society of Health-System Pharmacists.

Harvard

(2009). The pharmacy informatics primer. Bethesda, Md: American Society of Health-System Pharmacists.

MLA

The pharmacy informatics primer. Bethesda, Md: American Society of Health-System Pharmacists. 2009.

  • Print
  • Cite
  • Add to your cart (remove)
  • Save record
    BIBTEX Dublin Core MARCXML MARC (non-Unicode/MARC-8) MARC (Unicode/UTF-8) MARC (Unicode/UTF-8, Standard) MODS (XML) RIS
  • More searches
    Search for this title in:
    Other Libraries (WorldCat) Other Databases (Google Scholar) Online Stores (Bookfinder.com) Open Library (openlibrary.org)

Exporting to Dublin Core...

SOUTHVILLE LIBRARY

Southville International School and Colleges Library

1281 Tropical Ave. Cor. Luxembourg St., BF Homes International, Las Pinas City

Tel. No. 8256374 / 252358 Loc. 117/146

Powered by Koha